• 首页
  • 本馆介绍
  • 公告通知
  • 最新文献
  • 馆藏检索
  • 电子资源
  • 读者导购
  • 参考咨询
  • 我的图书馆
  • 登录
  • 详细信息显示
  • 放入我的书架
  • 预约/预借图书
  • 作者相关作品
  • 分类相关作品
  • 丛书相关作品
  • 出版社相关作品

书目信息

  • 表格格式
  • 工作单格式
  • 卡片格式
题名:
材料物理性能
    
 
作者: 刘强 , 黄新友 主编
分册:  
出版信息: 北京   化学工业出版社  2009
页数: 280页
开本: 26cm
丛书名:
单 册:
中图分类: TB303
科图分类:
主题词: 工程材料--物理性质--高等教育--教材
电子资源:
ISBN: 978-7-122-05381-7
000 01256nam0 2200265 45
001 1050906843
005 20100420094345.92
010    @a978-7-122-05381-7@dCNY32.00
100    @a20100409d2009 em y0chiy0110 ea
101 0  @achi
102    @aCN@b110000
105    @aak z 000yy
106    @ar
200 1  @a材料物理性能@ACai Liao Wu Li Xing Neng@f刘强,黄新友主编@FLiu Qiang, Huang Xin You Zhu Bian
210    @a北京@c化学工业出版社@d2009
215    @a280页@c图表@d26cm
300    @a高等学校教材
330    @a全书共分七章内容,第一章为材料物理基本知识简介,第二章为材料的热学性能,第三章为材料的光学性能,第四章为材料的导电性能,第五章为材料的介电性能,第六章为材料的磁学性能,第七章为材料弹性变形与内耗。每章内容主要包括物理性能的基本概念及其物理本质,金属材料、无机非金属材料及高分子材料的物理性能表现及影响它们的因素,物理性能的测试方法及物理性能分析在材料研究中的应用。每章后都附有本章小结和复习题,以便学生了解每章的重点。
333    @a本书适用于金属材料工程、无机非金属材料工程、高分子材料工程及复合材料工程等专业。
606 0  @a工程材料@x物理性质@x高等教育@j教材
690    @aTB303@v4
701  0 @a刘强@ALiu Qiang@4主编
701  0 @a黄新友@AHuang Xin You@4主编
801  0 @aCN@bTANGWEI@c20100420
905    @b0591638-42@dTB303@e202@f5
    
    材料物理性能/刘强,黄新友主编.-北京:化学工业出版社,2009
    280页:图表;26cm
    高等学校教材.-使用对象:本书适用于金属材料工程、无机非金属材料工程、高分子材料工程及复合材料工程等专业。
    
    ISBN 978-7-122-05381-7:CNY32.00
    全书共分七章内容,第一章为材料物理基本知识简介,第二章为材料的热学性能,第三章为材料的光学性能,第四章为材料的导电性能,第五章为材料的介电性能,第六章为材料的磁学性能,第七章为材料弹性变形与内耗。每章内容主要包括物理性能的基本概念及其物理本质,金属材料、无机非金属材料及高分子材料的物理性能表现及影响它们的因素,物理性能的测试方法及物理性能分析在材料研究中的应用。每章后都附有本章小结和复习题,以便学生了解每章的重点。
●
相关链接 在E读中查询图书 在五车中查询图书 在当当中查询图书 在豆瓣中查询图书


正题名:材料物理性能     索取号:TB303/202         预约/预借

序号 登录号 条形码 馆藏地/架位号 状态 备注
1 0591638   205916384   第二样本阅览室/ [索取号:TB303/202] 在馆    
2 0591639   205916393   第三借阅区/ [索取号:TB303/202] 在馆    
3 0591640   205916400   第三借阅区/ [索取号:TB303/202] 在馆    
4 0591641   205916419   第三借阅区/ [索取号:TB303/202] 在馆    
5 0591642   205916428   密集书库-化学系/ [索取号:TB303/202] 在馆    
唐山师范学院图书馆 欢迎您!
大连网信软件有限公司© 版权所有